000 00774nam a22001697a 4500
003 SGT
020 _a 9789352028795
082 _a338.88,CHE
100 _aCHERUNILAM,FRANCIS
245 _aINTERNATIONAL BUSINESS ENVIRONMENT
250 _a7TH
260 _aNEW DELHI
_bHIMALAYA PUBLISHING HOUSE
_c2015
300 _a494
650 _aPRODUCTION
653 _a INTERNATIONAL BUSINESS AND ITS ENVIRONMENT INTERNATIONAL ECONOMIC COOPERATION AND AGREEMENTS INTERNATIONAL ECONOMIC INSTITUTIONS INTERNATIONAL TRADE AND INVESTMENT THEORIES INTERNATIONAL TRADE AND PAYMENTS INTERNATIONAL INVESTMENT MULTINATIONAL CORPORATIONS GLOBAL COMPETITIVENESS INTERNATIONAL OPERATIONS MANAGEMENT INTERNATIONAL MONETARY SYSTEM AND FOREIGN EXCHANGE MARKET GLOBALISATION
942 _2ddc
_cFCM
_03
999 _c8882
_d8882